Solar System by Pictures - Statistics

General Stats
  • This quiz has been taken 58 times
  • The average score is 9 of 10
Answer Stats
Picture Answer % Correct
Sun
98%
Earth
96%
Jupiter
96%
Mars
96%
Neptun
96%
Saturn
96%
Uran
94%
Mercury
92%
Venus
92%
Pluton
21%
No matching quizzes found
Score Distribution
Percent of People with Each Score
Percentile by Number Answered
Your Score History
You have not taken this quiz